Equipos Primera B Nacional - Argentina - Estadísticas

Estadísticas generales
  • Esta prueba ha sido intentada 55 veces
  • La puntuación promedio es 41 de 106
Estadísticas de respuestas
Respuesta % Correcto
River Plate
78%
Chacarita Juniors
70%
Almirante Brown (Isidro Casanova)
68%
Independiente (Avellaneda)
68%
Colón (Santa Fe)
65%
Quilmes
65%
Banfield
63%
Nueva Chicago
63%
All Boys
60%
Belgrano (Córdoba)
60%
Deportivo Riestra
60%
Lanús
60%
Aldosivi (Mar del Plata)
58%
Gimnasia y Esgrima (Jujuy)
58%
Rosario Central
58%
Talleres (Córdoba)
58%
Unión (Santa Fe)
58%
Alvarado (Mar del Plata)
55%
Atlanta
55%
Arsenal
53%
Atlético Rafaela
53%
Barracas Central
53%
Instituto (Córdoba)
53%
Platense
53%
Temperley
53%
Agropecuario (Carlos Casares)
50%
Boca Unidos (Corrientes)
50%
Defensores de Belgrano
50%
Deportivo Morón
50%
Estudiantes (BA)
50%
Olimpo (Bahía Blanca)
50%
Patronato (Paraná)
50%
Sarmiento (Junín)
50%
Almagro
48%
Chaco For Ever
48%
Crucero del Norte (Misiones)
48%
Independiente Rivadavia (Mendoza)
48%
Racing (Córdoba)
48%
San Martín (San Juan)
48%
San Martín (Tucumán)
48%
Tigre
48%
Argentinos Juniors
45%
Atlético Tucumán
45%
Deportivo Maipú (Mendoza)
45%
Flandria
45%
Gimnasia y Esgrima (La Plata)
45%
Godoy Cruz Antonio Tomba (Mendoza)
45%
Brown (Adrogué)
43%
Deportivo Madryn
43%
Estudiantes (La Plata)
43%
Gimnasia y Tiro (Salta)
43%
Deportivo Español
40%
Deportivo Merlo
40%
Estudiantes (Río Cuarto)
40%
Gimnasia y Esgrima (Mendoza)
40%
Los Andes
40%
San Miguel
40%
San Telmo
40%
Tristán Suárez
40%
Deportivo Italiano
38%
Güemes (Santiago del Estero)
38%
Mitre (Santiago del Estero)
38%
Talleres (Remedios de Escalada)
38%
Central Córdoba (Santiago del Estero)
35%
Central Norte (Salta)
35%
Defensa y Justicia
35%
Guillermo Brown (Puerto Madryn)
35%
Villa Dálmine
35%
Sportivo Desamparados (San Juan)
33%
Tiro Federal (Rosario)
33%
Villa San Carlos
33%
Central Córdoba (Rosario)
30%
Deportivo Armenio
30%
Juventud Antoniana (Salta)
30%
Defensores Unidos (Zárate)
28%
Deportivo Laferrere
28%
Deportivo Mandiyú (Corrientes)
28%
Douglas Haig (Pergamino)
28%
Huracán (BA)
28%
Huracán (Tres Arroyos)
28%
Sacachispas
28%
Villa Mitre (Bahía Blanca)
28%
El Porvenir
25%
C.A.I. (Comodoro Rivadavia)
23%
Ramón Santamarina (Tandil)
23%
Cipolletti
20%
San Martín (Mendoza)
20%
Atlético Paraná
15%
Ben Hur (Rafaela)
15%
Guaraní Antonio Franco (Misiones)
15%
Sportivo Belgrano (San Francisco)
15%
Huracán (Corrientes)
13%
Ituzaingó
13%
Juventud Unida (Gualeguaychú)
13%
Argentino (Rosario)
10%
Atlético Concepción (Tucumán)
10%
Estación Quequén
10%
Sportivo Estudiantes (San Luis)
10%
Almirante Brown (Arrecifes)
8%
Ferro Carril Oeste (BA)
8%
General Paz Juniors (Córdoba)
8%
Juventud Unida Universitario (San Luis)
8%
Ferro Carril Oeste (General Pico)
5%
Gimnasia y Esgrima (Concepción del Uruguay)
5%
Unión (Mar del Plata)
5%
Unión Villa Krause (San Juan)
5%
No se encontraron pruebas coincidentes
Distribución de puntuación
Porcentaje de gente con cada puntuación
Porcentaje por número respondido
Historial de tus puntuaciones
No has intentado esta prueba.